| 000 | 01105cam a22002537a 4500 | ||
|---|---|---|---|
| 003 | AE-DuALZ | ||
| 008 | 010921s2018 enko g b 001 0 eng d | ||
| 020 | _a9781851498611 | ||
| 040 |
_aAE-ALZAD _cAE-ALZAD |
||
| 043 | _aa-ii--- | ||
| 050 | 1 | 4 |
_aNA1507.D38 _bM53 2018 |
| 100 | 1 |
_aMichell, George. _919888 |
|
| 245 | 1 | 0 |
_aIslamic architecture of Deccan India / _cGeorge Michell, Helen Philon ; photographs, Antonio Martinelli. |
| 260 |
_aWoodbridge : _bACC Art Books, _c2018. |
||
| 300 |
_a416 p. : _bphotos. ; _c33 cm. |
||
| 504 | _aIncludes bibliographical references (p. 412) and index (p. 416). | ||
| 505 | 0 | _aIntroduction. Historical maps ; Background ; Cities & citadels ; Palaces ; Mosques ; Tombs ; Decoration -- Daulatabad & Khuldabad -- Gulbarga & Firuzabad -- Bidar -- Ahmadnagar -- Burhanpur -- Frontier strongholds -- Bijapur -- Golconda & Hyderabad -- Aurangabad. | |
| 590 | _aLB-AJLLC-9177 | ||
| 650 | 0 |
_aIslamic architecture _zIndia _zDeccan. |
|
| 650 | 0 |
_aArchitecture _zIndia _zDeccan. |
|
| 700 | 1 |
_aPhilon, Helen. _919950 |
|
| 700 | 1 |
_aMartinelli, Antonio. _919951 |
|
| 942 |
_2lcc _cBK |
||
| 999 |
_c9640 _d9640 |
||